| 000 | 00479nam a22001817a 4500 | ||
|---|---|---|---|
| 003 | NUST - PNEC | ||
| 005 | 20170116181110.0 | ||
| 008 | 151003b xxu||||| |||| 00| 0 eng d | ||
| 020 | _a- | ||
| 040 | _cLIBRARY | ||
| 082 | _a526.9 JAM | ||
| 100 |
_912862 _aJameson, Alexander Hope |
||
| 245 |
_aAdvanced surveying; a text-book for students _cAlexander Hope Jameson |
||
| 250 | _a2nd ed. | ||
| 260 | _cc.1958 | ||
| 650 |
_912868 _aSurveying _xGeneral books |
||
| 942 |
_2ddc _cBK |
||
| 999 |
_c69079 _d69079 |
||